000 00533nam a2200169Ia 4500
003 IN-BaIIA
008 211028s9999 xx 000 0 eng d
020 _a978-0-143-06670-5
040 _cIIA Library
080 _a524.9:82-31
_bANA
100 _aAnanthaswamy, Anil
_933756
245 4 _aThe edge of reason
_bdispatches from the frontiers of cosmology
_cAnil Ananthaswamy
260 _aNew Delhi
_bPenguin Books
_c2010
300 _a322p.
650 _aCosmology-Novel
_933757
942 _cBK
999 _c17786
_d17786